Statistics for Name that Movie #2

Click here to take the quiz!

General Stats

  • This quiz has been taken 11 times
  • The average score is 6 of 12

Answer Stats

YearActor/ActressMovie% Correct
2016Ryan ReynoldsDeadpool
91%
1999Edward NortonFight Club
73%
2018Chadwick BosemanBlack Panther
64%
2018Josh BrolinAvengers: Infinity War
64%
2014J.K. SimmonsWhiplash
55%
2013Joaquin PhoenixHer
55%
2017Mark HamillStar Wars: The Last Jedi
45%
2014Ben AffleckGone Girl
36%
2017Sally HawkinsThe Shape of Water
18%
2014Ralph FiennesThe Grand Budapest Hotel
18%
2017Fionn WhiteheadDunkirk
18%
2017Ryan GoslingBlade Runner: 2049
18%

Score Distribution

Percentile by Number Answered

Percent of People with Each Score

Your Score History

You have not taken this quiz